Integración real y grupos centroamericanos de poder económico: implicaciones para la democracia y el desarrollo regional /
Esta investigación de carácter multidisciplinario, posee un enfoque de economía política y de naturaleza comparativa regional. Su objetivo es el análisis de las implicaciones de la integración impulsada por los grupos económicos globalizados de la región para el desarrollo y la democracia, así como...
Salvato in:
| Autore principale: | |
|---|---|
| Natura: | testo |
| Soggetti: | |
| Tags: |
Aggiungi Tag
Nessun Tag, puoi essere il primo ad aggiungerne!!
|
MARC
| LEADER | 00000 a a2200000 04500 | ||
|---|---|---|---|
| 001 | 5212 | ||
| 003 | |||
| 040 | |||
| 100 | |a Segovia, Alexander | ||
| 245 | |a Integración real y grupos centroamericanos de poder económico: |b implicaciones para la democracia y el desarrollo regional / |c Alexander Segovia | ||
| 520 | |a Esta investigación de carácter multidisciplinario, posee un enfoque de economía política y de naturaleza comparativa regional. Su objetivo es el análisis de las implicaciones de la integración impulsada por los grupos económicos globalizados de la región para el desarrollo y la democracia, así como su incidencia en el proceso de la toma de decisiones políticas y en la configuración de los sistemas políticos. Presenta también algunas recomendaciones encaminadas a fortalecer el proceso regional de integración socioeconómica y política, en el contexto de una democracia verdaderamente participativa y equilibrada en el aspecto social | ||
| 650 | |a EMPRESARIOS | ||
| 650 | |a PODER | ||
| 650 | |a CORRUPCION | ||
| 650 | |a ELABORACION DE POLITICAS | ||
| 650 | |a FUSION DE EMPRESAS | ||
| 650 | |a EMPRESAS TRANSNACIONALES | ||
| 650 | |a PRIVATIZACION | ||
| 650 | |a INTEGRACION ECONOMICA | ||
| 650 | |a CENTROAMERICA | ||
| 650 | |a INGRESOS POR INVERSIONES | ||
| 650 | |a COMERCIO INTRAREGIONAL | ||
| 773 | |g volumen 61, número 691 -692; páginas 517-582 | ||
| 999 | |c 38084 |d 38084 | ||
| 773 | 0 | |0 18723 |9 2698 |a Universidad Centroamericana José Simeón Cañas (UCA) |d San Salvador, El Salvador Universidad Centroamericana José Simeón |o 01910 |t ECA: | |
